书目信息 |
| 题名: |
绿色建筑施工管理与工程造价
|
|
| 作者: | 张燕梁 , 高瑞 , 刘晓峰 主编 | |
| 分册: | ||
| 出版信息: | 长春 吉林科学技术出版社 2022.08 |
|
| 页数: | 191页 | |
| 开本: | 26cm | |
| 丛书名: | ||
| 单 册: | ||
| 中图分类: | TU18 | |
| 科图分类: | ||
| 主题词: | 生态建筑--sheng tai jian zhu--施工管理 , 生态建筑--sheng tai jian zhu--建筑造价管理 | |
| 电子资源: | ||
| ISBN: | 978-7-5578-9411-5 | |
| 000 | 01095nam0 2200277 450 | |
| 001 | CAL 012022036708 | |
| 005 | 20230217093112.0 | |
| 010 | @a978-7-5578-9411-5@dCNY50.00 | |
| 100 | @a20221020d2022 em y0chiy0120 ea | |
| 101 | 0 | @achi |
| 102 | @aCN@b220000 | |
| 105 | @ay a 000yy | |
| 106 | @ar | |
| 200 | 1 | @a绿色建筑施工管理与工程造价@Alv se jian zhu shi gong guan li yu gong cheng zao jia@f张燕梁, 高瑞, 刘晓峰主编 |
| 210 | @a长春@c吉林科学技术出版社@d2022.08 | |
| 215 | @a191页@d26cm | |
| 320 | @a有书目 (第190-191页) | |
| 330 | @a本书就绿色建筑施工管理与工程造价展开详细分析, 具体包括绿色建筑及其发展进程、绿色建筑的规划设计、绿色建筑施工材料、绿色建筑施工中的材料节约、绿色建筑施工内容、绿色施工的主要措施、绿色建筑评价、绿色建筑工程造价管理等内容。 | |
| 606 | 0 | @a生态建筑@Asheng tai jian zhu@x施工管理 |
| 606 | 0 | @a生态建筑@Asheng tai jian zhu@x建筑造价管理 |
| 690 | @aTU18@v5 | |
| 701 | 0 | @a张燕梁@Azhang yan liang@4主编 |
| 701 | 0 | @a高瑞@Agao rui@4主编 |
| 701 | 0 | @a刘晓峰@Aliu xiao feng@4主编 |
| 801 | 0 | @aCN@bBJXHZP@c20230228 |
| 905 | @b1386019-22@dTU18@e2141@f4 | |
| 绿色建筑施工管理与工程造价/张燕梁, 高瑞, 刘晓峰主编.-长春:吉林科学技术出版社,2022.08 |
| 191页;26cm |
| ISBN 978-7-5578-9411-5:CNY50.00 |
| 本书就绿色建筑施工管理与工程造价展开详细分析, 具体包括绿色建筑及其发展进程、绿色建筑的规划设计、绿色建筑施工材料、绿色建筑施工中的材料节约、绿色建筑施工内容、绿色施工的主要措施、绿色建筑评价、绿色建筑工程造价管理等内容。 |
| ● |
| 相关链接 |
|
|
|
|
正题名:绿色建筑施工管理与工程造价
索取号:TU18/2141
 
预约/预借
| 序号 | 登录号 | 条形码 | 馆藏地/架位号 | 状态 | 备注 |
| 1 | 1386019 | 213860197 | 第二样本阅览室/ [索取号:TU18/2141] | 在馆 | |
| 2 | 1386020 | 213860204 | 第三借阅区/ [索取号:TU18/2141] | 在馆 | |
| 3 | 1386021 | 213860213 | 第三借阅区/ [索取号:TU18/2141] | 在馆 | |
| 4 | 1386022 | 213860222 | 第三借阅区/ [索取号:TU18/2141] | 在馆 |